Construir la paz para vivir en paz / (Registro nro. 28587)
[ vista simple ]
| 000 -CABECERA | |
|---|---|
| campo de control de longitud fija | 00767nam a2200169 a 4500 |
| 001 - NÚMERO DE CONTROL | |
| campo de control | 000029095 |
| 005 - FECHA Y HORA DE LA ÚLTIMA TRANSACCIÓN | |
| campo de control | 20200930055329.0 |
| 008 - DATOS DE LONGITUD FIJA--INFORMACIÓN GENERAL | |
| campo de control de longitud fija | 110413s2003 dr ac 000 0 spa d |
| 040 ## - FUENTE DE LA CATALOGACIÓN | |
| Centro catalogador/agencia de origen | DO-SdBNP |
| Lengua de catalogación | spa |
| Centro/agencia transcriptor | BNPHU |
| 082 ## - NÚMERO DE LA CLASIFICACIÓN DECIMAL DEWEY | |
| Número de clasificación | xxx |
| Número de documento/Ítem | G216c |
| 049 ## - FONDOS LOCALES (OCLC) | |
| Fondos de biblioteca | BNPD |
| 100 1# - ENTRADA PRINCIPAL--NOMBRE DE PERSONA | |
| Nombre de persona | García Fernández, Porfirio |
| 9 (RLIN) | 17488 |
| 245 10 - MENCIÓN DE TÍTULO | |
| Título | Construir la paz para vivir en paz / |
| Mención de responsabilidad, etc. | Porfirio García Fernández. |
| 260 ## - PUBLICACIÓN, DISTRIBUCIÓN, ETC. | |
| Lugar de publicación, distribución, etc. | [Santo Domingo] : |
| Nombre del editor, distribuidor, etc. | Universidad Autónoma de Santo Domingo, |
| Fecha de publicación, distribución, etc. | [2003?]. |
| 300 ## - DESCRIPCIÓN FÍSICA | |
| Extensión | 25 p. : |
| Otras características físicas | il., retr. ; |
| Dimensiones | 21 cm. |
| 500 ## - NOTA GENERAL | |
| Nota general | Ponencia pronunciada por el Rector Magnífico de la Universidad Autónoma de Santo Domingo, Doctor Porfirio García Fernández en el Convivio Nacional de Maestros celebrado en la ciudad de Puerto Plata los dias 18, 19 y 20 de julio de 2003. |
| Estado de retiro | Estado de pérdida | Restricciones de uso | No para préstamo | Código de colección | Localización permanente | Ubicación/localización actual | Ubicación en estantería | Fecha de adquisición | Número de inventario | Total de préstamos | Signatura topográfica completa | Código de barras | Fecha visto por última vez | Número de copia | Precio válido a partir de | Tipo de ítem Koha |
|---|---|---|---|---|---|---|---|---|---|---|---|---|---|---|---|---|
| Dominicana de Servicio | General | General | En catalogación | 27.04.2011 | LF1 | xxx G216c | 29095-30 | 25.06.2020 | e. 3 | 25.06.2020 | Libro y Folleto Colección Dominicana de Servicio | |||||
| Dominicana de Servicio | General | General | En catalogación | 27.04.2011 | LF1 | xxx G216c | 29095-40 | 25.06.2020 | e. 4 | 25.06.2020 | Libro y Folleto Colección Dominicana de Servicio | |||||
| Excluido de préstamo | Patrimonio Dominicano | Patrimonio Dominicano | Patrimonio Dominicano | En catalogación | 13.04.2011 | LF1 | xxx G216c | 29095-10 | 25.06.2020 | 25.06.2020 | Libro y Folleto Colección Patrimonio Dominicano | |||||
| Excluido de préstamo | Patrimonio Dominicano | Patrimonio Dominicano | Patrimonio Dominicano | En catalogación | 13.04.2011 | LF1 | xxx G216c | 29095-20 | 25.06.2020 | e. 2 | 25.06.2020 | Libro y Folleto Colección Patrimonio Dominicano |
